| 000 | 01021 a2200241 4500 | ||
|---|---|---|---|
| 008 | 080821t xxu||||| |||| 00| 0 eng d | ||
| 010 | _aENG-84987 | ||
| 020 |
_a8179860639 _c350.00 |
||
| 035 | _aEN-68520 | ||
| 037 | _bD.B.Act / Pub | ||
| 082 | _a370.192541 | ||
| 100 | _aBarua, Lalit Kumar, | ||
| 245 |
_aEducation and culture in North-East India (1826-2000) _cLalit Kumar Barua. |
||
| 260 |
_aShimla : _bIndian Institute of Advanced Study, _c2006. |
||
| 300 |
_axiii, 262 p. ; _c23 cm. (Hb) |
||
| 500 | _aIncludes bibliographical references and index | ||
| 650 |
_aEducation _zIndia, Northeastern. |
||
| 651 |
_aIndia, Northeastern _xCivilization. |
||
| 651 |
_aIndia, Northeastern _xScheduled tribes _xEducation. |
||
| 651 |
_aIndia _xHistory _yBritish occupation, 1765-1947 |
||
| 942 |
_adpl _cEN _k370.192541 / BAR _2ddc _h370.192541 _m BAR |
||
| 999 |
_c837 _d837 |
||